Last 100 Words of Robinson Crusoe - Statistics

General Stats
  • This quiz has been taken 39 times
  • The average score is 32 of 100
Answer Stats
Words % Correct
a
100%
I
97%
the
97%
an
90%
and
77%
of
71%
in
61%
island.
61%
for
58%
were
55%
they
52%
my
48%
that
45%
at
42%
their
42%
but
32%
how
32%
one
32%
or
26%
them,
26%
them
26%
these
26%
with
26%
years
26%
all
23%
All
23%
more,
23%
upon
23%
last,
19%
lived
19%
came
16%
shall
16%
give
13%
new
13%
some
13%
ten
13%
things,
13%
three
13%
story.
10%
enemies'
6%
first
6%
Second
6%
account
3%
canoes,
3%
Caribbees
3%
destroyed
3%
famished
3%
hundred
3%
invaded
3%
number
3%
own,
3%
Part
3%
plantation,
3%
possession
3%
rest,
3%
very
3%
adventures
0%
almost
0%
defeated,
0%
destroying
0%
farther
0%
fought
0%
incidents
0%
killed;
0%
plantations,
0%
recovered
0%
renewed
0%
ruined
0%
still
0%
storm
0%
surprising
0%
twice,
0%
whole
0%
No matching quizzes found
Score Distribution
Percent of People with Each Score
Percentile by Number Answered
Your Score History
You have not taken this quiz